Stranger Things Trivia #K - Statistics

General Stats
  • This quiz has been taken 31 times
  • The average score is 8 of 15
Answer Stats
Hint Answer % Correct
Mother of Nancy, Mike and Holly Karen Wheeler
96%
Elevens lost sister Kali
87%
Actor of Steve Harrington (surname) Joe Keery
83%
Singer of Running up that Hill Kate Bush
83%
Murray practices this martial art Karate
74%
Works at the Arcade and at Family Video Keith
61%
Surname of local politician Larry Kline
61%
Military villain of Season 5 Dr. Kay
57%
School guidance counselor Ms. Kelley
57%
Soviet secret service KGB
43%
What Dr. Owens calls Eleven Kiddo
39%
Iconic soundtrack, playing when the party is playing D&D in the very first episode Kids
35%
Russian peninsula, where Hopper is held prisoner Kamchatka
22%
Name of Yuris first love and his helicopter Katinka
22%
Name of a road near Mirkwood Kerley
13%
No matching quizzes found
Score Distribution
Percent of People with Each Score
Percentile by Number Answered
Your Score History
You have not taken this quiz